000 00275nam a2200121Ia 4500
008 190216s9999||||xx |||||||||||||| ||und||
100 _aArora C L
245 0 _aElectricity And Mechanism
260 _bS Chand & Co
_c2001
300 _a416p
650 _aPhysics
942 _cBK
999 _c33678
_d33678